000 01403nam a2200337 a 4500
003 BLK
005 20250618150045.0
008 230502b bul|||||r ||||||| ||bul||
020 _a9786192281427
_q978-619-2281-42-7
040 _aBLK
041 _aBUL
_cBUL
080 _aБългарска литература
_b821.163.2
_x-94
_z821.163.2-94
080 _aАктьори, театрални
_b792.071.2
_x(497.2)(092)
_z792.071.2(497.2)(092)
080 _aКиноизкуство. Кинофилми
_b791.43
_x.071.2(497.2)(092)
_z791.43.071.2(497.2)(092)
080 _aБългарски актьор
_b929 Слабаков, Петър Петров
_z929 Слабаков, Петър Петров
100 1 _aБогданова, Светла
_940114
139 _aБогданова, Светла
_bБ 54
245 1 0 _aБунтарят на българското кино и театър
_cСветла Богданова.
257 _aBGR
260 _aСофия
_bИздателско ателие АБ
_c2023
_9400619
300 _a56 с.
_c22 см.
380 _aX
504 _aБиблиогр.: с. 203-205
600 0 _aСлабаков, Петър Петров
_d1923-2009
_9311125
856 4 _qpdf
_i0.00
_ldisable
856 4 _qpdf
_i0.00
_ldisable
942 _cKNG
_n0
_s1
_011
944 _k30530
_lМинев Младен
999 _c492010
_d492010
999 _d492010
999 _d490757